Apuntamientos para una Historia de la municipalidad de Salamanca / (Record no. 95647)

MARC details
000 -LEADER
campo de control de longitud fija 00546nam a2200169 i 4500
001 - NÚMERO DE CONTROL
campo de control 95647
003 - IDENTIFICADOR DE NÚMERO DE CONTROL
campo de control ES-MaACL
005 - FECHA Y HORA DE LA ÚLTIMA TRANSACCIÓN
campo de control 20230906181739.0
007 - CAMPO FIJO DE DESCRIPCIÓN FÍSICA--INFORMACIÓN GENERAL
campo de control de longitud fija t|
008 - DATOS DE LONGITUD FIJA--INFORMACIÓN GENERAL
campo de control de longitud fija 050601s1962 sp ||||1| spa d
100 1# - ENTRADA PRINCIPAL--NOMBRE DE PERSONA
Nombre de persona Llopis Llopis, Salvador.
9 (RLIN) 72842
245 10 - MENCIÓN DEL TÍTULO
Título Apuntamientos para una Historia de la municipalidad de Salamanca /
Mención de responsabilidad, etc. Salvador Llopis Llopis.
260 ## - PUBLICACIÓN, DISTRIBUCIÓN, ETC.
Lugar de publicación, distribución, etc. Salamanca :
Nombre del editor, distribuidor, etc. Ayuntamiento de Salamanca,
Fecha de publicación, distribución, etc. 1962.
300 ## - DESCRIPCIÓN FÍSICA
Extensión 82 p., 5 lám. ;
Dimensiones 17cm.
710 1# - ENTRADA AGREGADA--NOMBRE DE ENTIDAD CORPORATIVA
Nombre de entidad corporativa o nombre de jurisdicción como elemento de entrada Salamanca.
Unidad subordinada Ayuntamiento.
9 (RLIN) 6484
852 ## - LOCALIZACIÓN
Ubicación ES-MaACL
Número de control de estantería C-21781
Sublocalización o colección R.50361
Holdings
Estatus retirado Estado de pérdida Estado de daño No para préstamo Biblioteca de origen Biblioteca actual Ubicación en estantería Fecha de adquisición Fuente de adquisición Total de préstamos Signatura topográfica completa Código de barras Visto por última vez Precio de reemplazo Tipo de ítem Koha
        Biblioteca del Ateneo de Madrid Biblioteca del Ateneo de Madrid Galería 17/01/2008     C-21781 1099873 23/02/2023 23/02/2023 Libro impreso